|
|
|
|
| LEADER |
00821cam a2200229 7i4500 |
| 001 |
0000044981 |
| 005 |
20170316090000.0 |
| 020 |
|
|
|a 0078112680 (hbk.)
|
| 020 |
|
|
|a 9780078112683 (hbk.)
|
| 090 |
0 |
0 |
|a HF5549.5.R44
|b H46 2012
|
| 100 |
1 |
|
|a Heneman, Herbert G
|
| 245 |
1 |
0 |
|a Staffing organizations
|c Herbert G. Heneman III, Timothy A. Judge, John D. Kammeyer-Mueller.
|
| 250 |
|
|
|a 7th ed.
|
| 260 |
|
|
|a Middleton, WI:
|b McGraw-Hill Irwin,
|c 2012.
|
| 300 |
|
|
|a xviii, 766 p.:
|b ill.;
|c 24 cm.
|
| 650 |
0 |
0 |
|a Employee selection
|
| 650 |
0 |
0 |
|a Employees --
|x Recruiting
|
| 700 |
1 |
|
|a Kammeyer-Mueller, John D
|
| 700 |
1 |
|
|a Judge, Timothy A
|
| 997 |
|
|
|a Education & Social Sciences, Faculty
|b Social Sciences, Department
|
| 998 |
|
|
|a Industrial Psychology, Degree
|
| 999 |
|
|
|a 0000055013
|b BOK
|c OPEN SHELF
|e 1st Floor, Bestari Jaya
|